000
00234nam a2200097Ia 4500
001
652139
005
20250826154432.0
008
250824s9999 xx 000 0 und d
245
0
_a
YAŞAM TEHLİKELİDİR
_c
ANDY MULLIGAN
260
_b
TUDEM
999
_c
652139
_d
652139